Govt. of
Madhya Pradesh

आत्मिका (Record no. 62591)

MARC details
000 -LEADER
fixed length control field 00491nam a22001577a 4500
003 - CONTROL NUMBER IDENTIFIER
control field macl
005 - DATE AND TIME OF LATEST TRANSACTION
control field 20200709150530.0
008 - FIXED-LENGTH DATA ELEMENTS--GENERAL INFORMATION
fixed length control field 200709b xxu||||| |||| 00| 0 eng d
040 ## - CATALOGING SOURCE
Transcribing agency macl
082 ## - DEWEY DECIMAL CLASSIFICATION NUMBER
Classification number 920/PAN
100 ## - MAIN ENTRY--PERSONAL NAME
Personal name पाण्‍येय ,डॉ शिववंश
9 (RLIN) 78897
245 ## - TITLE STATEMENT
Title आत्मिका
260 ## - PUBLICATION, DISTRIBUTION, ETC. (IMPRINT)
Place of publication, distribution, etc. दिल्‍ली
Name of publisher, distributor, etc. अभिव्‍यक्ति प्रकाशन
Date of publication, distribution, etc. 2018
650 ## - SUBJECT ADDED ENTRY--TOPICAL TERM
Topical term or geographic name as entry element आत्‍मकथा
9 (RLIN) 62132
942 ## - ADDED ENTRY ELEMENTS (KOHA)
Source of classification or shelving scheme
Koha item type Hindi Books
Holdings
Withdrawn status Lost status Source of classification or shelving scheme Damaged status Not for loan Home library Current library Date acquired Cost, normal purchase price Total Checkouts Full call number Barcode Date last seen Date last checked out Price effective from Koha item type
          MACL MACL 09/07/2020 595.00 1 920/PAN CRh038429 24/09/2020 03/09/2020 09/07/2020 Hindi Books
          MACL MACL 23/10/2020 595.00   920/PAN CRH038207 23/10/2020   23/10/2020 Hindi Books